[Event "31. DSenEM2019 Gruppe 65+"]
[Site "Radebeul"]
[Date "2019.05.03"]
[Round "8.28"]
[White "Simon, Ralf-Axel"]
[Black "Just, Joachim"]
[Result "1-0"]
[WhiteElo "2126"]
[BlackElo "1970"]
[PlyCount "65"]
[EventDate "2019.??.??"]
[WhiteTeam "SK Ricklingen"]
[BlackTeam "Motor Zeitz"]

1. Nf3 g6 2. e4 d6 3. d4 Bg7 4. Bd3 a6 5. O-O b5 6. a4 b4 7. Bd2 a5 8. c3 c5 9.
Qe2 Ba6 10. dxc5 dxc5 11. Bxa6 Nxa6 12. Qb5+ Kf8 13. e5 Nc7 14. Qxc5 Ne6 15.
Qb5 Rb8 16. Qe2 Nh6 17. cxb4 axb4 18. a5 Nc5 19. Rd1 Qc7 20. Rc1 Ng4 21. Qc4
Nxe5 22. Nxe5 Bxe5 23. Qxc5 Qxc5 24. Rxc5 Bxb2 25. Ra4 Rd8 26. Kf1 Kg7 27. Rxb4
Ba3 28. Bc3+ f6 29. Nxa3 Rd1+ 30. Ke2 Rhd8 31. Rc7 R1d5 32. Rxe7+ Kf8 33. Rbb7
1-0

[Event "31. DSenEM2019 Gruppe 65+"]
[Site "Radebeul"]
[Date "2019.05.03"]
[Round "8.29"]
[White "Kracht, Helmut"]
[Black "Goldberg, Valerij"]
[Result "1-0"]
[WhiteElo "1989"]
[BlackElo "2117"]
[Annotator "lenovo"]
[PlyCount "97"]
[EventDate "2019.??.??"]
[WhiteTeam "SK Kaltenkirchen"]
[BlackTeam "SV Lok Dresden"]

 1. d4 Nf6 2. c4 c5 3. d5 e6 4. Nc3 exd5 5. cxd5 d6 6. e4
a6 7. a4 g6 8. h3 Bg7 9. Nf3 O-O 10. Bd3 Nbd7 11. Bf4 Qe7 12. O-O Nh5 13. Bh2
Ne5 14. Nxe5 Bxe5 15. f4 Bd4+ 16. Kh1 Ng7 17. Qc2 Bd7 18. Rae1 Rfe8 19. e5 Bf5
20. g4 Bxd3 21. Qxd3 f5 22. b3 Qh4 23. gxf5 Nxf5 24. e6 Re7 25. Ne4 b5 26. Ng5
h6 27. Ne4 Kg7 28. Re2 Rb7 29. Rg2 Qh5 30. Ng3 Nxg3+ 31. Qxg3 Rf8 32. Qd3 Qf5
33. Qxf5 Rxf5 34. Re2 Kf6 35. Bg3 Ke7 36. Rc1 Bf6 37. Rd1 bxa4 38. bxa4 g5 39.
fxg5 hxg5 40. Bf2 Be5 41. Kg2 Bf4 42. h4 g4 43. h5 Rxh5 44. Bg3 Be5 45. Rf2 Rb3
46. Rf7+ Ke8 47. Bxe5 Rxe5 48. Rh1 Re2+ 49. Kf1 1-0

[Event "31. DSenEM2019 Gruppe 65+"]
[Site "Radebeul"]
[Date "2019.05.03"]
[Round "8.30"]
[White "Krüger, Erich"]
[Black "Türtmann, Dieter"]
[Result "1-0"]
[WhiteElo "2113"]
[BlackElo "1947"]
[Annotator "lenovo"]
[PlyCount "79"]
[EventDate "2019.??.??"]
[WhiteTeam "SF Essen-Katernberg"]
[BlackTeam "ESV Eberswalde"]

 1. d4 Nf6 2. c4 e6 3. Nc3 c5
4. d5 exd5 5. cxd5 d6 6. Nf3 Bg4 7. Nd2 Be7 8. Nc4 O-O 9. Qb3 Bc8 10. e4 Nbd7
11. Be2 Re8 12. Bf4 Nb6 13. Ne3 Bf8 14. Qc2 a6 15. a4 h6 16. a5 Nbd7 17. Nc4
Qe7 18. Bxd6 Qd8 19. Bg3 b5 20. axb6 Nxb6 21. O-O Nxc4 22. Bxc4 Nh5 23. f4 Nxg3
24. hxg3 Qb6 25. e5 g6 26. Qe2 Bg7 27. d6 Bb7 28. Nd5 Bxd5 29. Bxd5 Ra7 30. Bc4
a5 31. b3 Kh7 32. Qd3 Rd8 33. Rad1 a4 34. bxa4 Rxa4 35. Bxf7 Kh8 36. Bc4 Rb4
37. Kh2 Bf8 38. Qd5 Bg7 39. Ra1 Rxd6 40. Qg8# 1-0

[Event "31. DSenEM2019 Gruppe 65+"]
[Site "Radebeul"]
[Date "2019.05.03"]
[Round "8.31"]
[White "Leiber, Bernard"]
[Black "Bieberle, Gerhart"]
[Result "1-0"]
[WhiteElo "2110"]
[BlackElo "1941"]
[PlyCount "107"]
[EventDate "2019.??.??"]
[WhiteTeam "SV Osnabrück"]
[BlackTeam "PTSV Aachen"]

1. d4 d5 2. Nf3 Nf6 3. c4 c6 4. Nc3 e6 5. Bg5 Be7 6. e3 O-O 7. Rc1 Nbd7 8. Qc2
dxc4 9. Bxc4 Nd5 10. Bxe7 Qxe7 11. Bd3 g6 12. a3 Nxc3 13. Qxc3 Nf6 14. O-O Nd5
15. Qd2 Rd8 16. e4 Nc7 17. Rfe1 Bd7 18. Qf4 Be8 19. Bc4 Rac8 20. h4 Kg7 21. h5
gxh5 22. Ba2 f6 23. Qh4 Bg6 24. Re3 Re8 25. Rb3 Na8 26. Rbc3 Nb6 27. Bb3 Rcd8
28. Qg3 Kh8 29. Re3 Rg8 30. Qf4 Rg7 31. a4 Rdg8 32. a5 Nd7 33. a6 bxa6 34. Rxc6
Bf7 35. g3 e5 36. dxe5 fxe5 37. Qh4 Qxh4 38. Nxh4 Bxb3 39. Rxb3 Rg4 40. Rb7
Rxh4 41. Rxd7 Rxe4 42. Rcc7 Rg5 43. Rxh7+ Kg8 44. Rhd7 Kh8 45. Rxa7 Rb4 46.
Ra8+ Rg8 47. Rxa6 Rg7 48. Rh6+ Kg8 49. Rd8+ Kf7 50. Rxh5 Rxb2 51. Rxe5 Rb7 52.
Rd4 Rg6 53. Rf4+ Kg7 54. Kg2 1-0

[Event "31. DSenEM2019 Gruppe 65+"]
[Site "Radebeul"]
[Date "2019.05.03"]
[Round "8.33"]
[White "Müller, Lutz"]
[Black "Meier, Wolfgang"]
[Result "1/2-1/2"]
[WhiteElo "1985"]
[BlackElo "2092"]
[PlyCount "108"]
[EventDate "2019.??.??"]
[WhiteTeam "SC Bad Königshofen"]
[BlackTeam "SSV Altenberg"]

1. d4 d5 2. Nf3 c6 3. c4 Nf6 4. Nc3 a6 5. cxd5 cxd5 6. Bf4 Nc6 7. e3 g6 8. Be2
Bg7 9. Ne5 O-O 10. Rc1 Ne8 11. h4 e6 12. h5 g5 13. h6 Bf6 14. Bg3 Nd6 15. Bd3
Nf5 16. Nxc6 bxc6 17. Be5 Kh8 18. Ne2 Bxe5 19. dxe5 Qc7 20. Bxf5 exf5 21. Qxd5
cxd5 22. Rxc7 Be6 23. Nd4 Rfc8 24. Rxc8+ Rxc8 25. Kd2 Bd7 26. Rh5 Rg8 27. g3
Rg6 28. b4 Kg8 29. Kc3 Kf8 30. f4 gxf4 31. gxf4 Ke7 32. Nxf5+ Bxf5 33. Rxf5
Rxh6 34. Kd4 Rh2 35. a4 Rd2+ 36. Kc5 Rd3 37. Rf6 a5 38. bxa5 Rxe3 39. Kxd5 Ra3
40. Kc5 Rxa4 41. Kb5 Ra1 42. Kb6 h5 43. a6 h4 44. a7 h3 45. Rh6 Rb1+ 46. Kc6
Ra1 47. Kb7 Rb1+ 48. Ka8 Rb3 49. f5 Kd7 50. Rh7 Kc6 51. Rxf7 Rg3 52. Rf6+ Kc7
53. Rf7+ Kc6 54. Rf6+ Kc7 1/2-1/2

[Event "31. DSenEM2019 Gruppe 65+"]
[Site "Radebeul"]
[Date "2019.05.03"]
[Round "8.34"]
[White "Bodach, Hans"]
[Black "Pundt, Wilfried"]
[Result "1-0"]
[WhiteElo "2078"]
[BlackElo "1861"]
[PlyCount "53"]
[EventDate "2019.??.??"]
[WhiteTeam "SV Dresden-Leuben"]
[BlackTeam "SK Bremen-Nord"]

1. e4 e5 2. Nf3 Nc6 3. Bb5 a6 4. Ba4 Nf6 5. d3 d6 6. c3 Be7 7. O-O O-O 8. h3
Bd7 9. Be3 Kh8 10. Nbd2 Qe8 11. Bc2 d5 12. Qe2 Rd8 13. Rfe1 dxe4 14. dxe4 Bc8
15. Rad1 Ng8 16. Nc4 f6 17. Bc1 Qh5 18. Ne3 Nh6 19. Nd5 Bd6 20. Be3 g5 21. Nh2
Qxe2 22. Rxe2 Ng8 23. Red2 Kg7 24. c4 Rfe8 25. c5 Bf8 26. Nxc7 Rxd2 27. Nxe8+
1-0

[Event "31. DSenEM2019 Gruppe 65+"]
[Site "Radebeul"]
[Date "2019.05.03"]
[Round "8.35"]
[White "Gebuhr, Günter"]
[Black "Kreutzkamp, Hans-Rudolf"]
[Result "0-1"]
[WhiteElo "1883"]
[BlackElo "2068"]
[PlyCount "78"]
[EventDate "2019.??.??"]
[WhiteTeam "SSV Weimar"]
[BlackTeam "SK Union Eimsbuettel"]

1. e4 e5 2. Nf3 Nc6 3. Bb5 a6 4. Ba4 d6 5. d4 b5 6. Bb3 Nxd4 7. Nxd4 exd4 8.
Bd5 Rb8 9. Qxd4 Ne7 10. Bg5 f6 11. Bxf6 gxf6 12. Qxf6 Nxd5 13. Qxh8 Nf6 14. Nc3
Qe7 15. O-O-O Qg7 16. Qxg7 Bxg7 17. e5 dxe5 18. Rhe1 Be6 19. Rxe5 Kf7 20. f3
Bh6+ 21. Kb1 Bf4 22. Rc5 Bxh2 23. Ne4 Nxe4 24. fxe4 Bd6 25. Rf1+ Kg6 26. Rc6
Bc8 27. Rc3 Bb7 28. Rcf3 Bxe4 29. Rf6+ Kg7 30. Rf7+ Kg8 31. Rd7 Bc6 32. Rdf7
Rf8 33. Rxf8+ Bxf8 34. g4 Kg7 35. Kc1 Bd7 36. Rf4 Bd6 37. Rd4 Kg6 38. c4 bxc4
39. Rxc4 Kg5 0-1

[Event "31. DSenEM2019 Gruppe 65+"]
[Site "Radebeul"]
[Date "2019.05.03"]
[Round "8.36"]
[White "Schubert, Joachim"]
[Black "Eskandary, Jahya"]
[Result "1/2-1/2"]
[WhiteElo "1863"]
[BlackElo "2062"]
[PlyCount "53"]
[EventDate "2019.??.??"]
[WhiteTeam "SC Friesen Lichtenberg"]
[BlackTeam "SV Lok Dresden"]

1. e4 e5 2. Nf3 Nc6 3. Bb5 a6 4. Ba4 d6 5. h3 Nge7 6. c3 Bd7 7. d4 h6 8. O-O g5
9. d5 Nb8 10. Nh2 Ng6 11. Be3 h5 12. Bxd7+ Nxd7 13. Nd2 Nf4 14. Bxf4 gxf4 15.
g3 Bh6 16. Qf3 Qe7 17. Kh1 fxg3 18. fxg3 Bxd2 19. Rf2 Bg5 20. h4 Bf6 21. b4
O-O-O 22. Nf1 Rdg8 23. a4 Rg6 24. Ne3 Bg7 25. a5 Nb8 26. c4 Qd7 27. Nf5 1/2-1/2

[Event "31. DSenEM2019 Gruppe 65+"]
[Site "Radebeul"]
[Date "2019.05.03"]
[Round "8.37"]
[White "Vasiljev, Jurij"]
[Black "Just, Gabriele"]
[Result "1-0"]
[WhiteElo "2042"]
[BlackElo "1855"]
[PlyCount "127"]
[EventDate "2019.??.??"]
[WhiteTeam "SF Moers"]
[BlackTeam "SG Leipzig"]

1. d4 e6 2. c4 f5 3. Nf3 Nf6 4. Nc3 Bb4 5. Bd2 O-O 6. Qb3 a5 7. g3 d6 8. Bg2
Kh8 9. O-O Bxc3 10. Bxc3 Ne4 11. Rad1 Qe8 12. Nd2 Nxc3 13. Qxc3 e5 14. dxe5
dxe5 15. e4 f4 16. Nf3 Bg4 17. Rd5 Bxf3 18. Rxe5 Qg6 19. Bxf3 Nc6 20. Rb5 b6
21. e5 Rad8 22. Rd5 Rde8 23. Re1 fxg3 24. hxg3 Qf5 25. Kg2 Re6 26. g4 Qf7 27.
a3 Rg6 28. Qe3 h6 29. Rd3 Qe6 30. Qe4 Ne7 31. Kf1 Rg5 32. Qd4 Ng6 33. Rde3 Nh4
34. Bd5 Rxg4 35. Bxe6 Rxd4 36. Bd5 Rdf4 37. R3e2 c6 38. Bxc6 Rxc4 39. Bb5 Rc7
40. e6 Re7 41. Rd1 Rc8 42. Red2 Rc5 43. Rd8+ Kh7 44. Bd3+ Ng6 45. Rd6 h5 46.
Rxb6 Kh6 47. b4 axb4 48. axb4 Re5 49. Re1 Rxe1+ 50. Kxe1 Nf4 51. Bc4 h4 52. Kf1
Kg5 53. Kg1 Kg4 54. Rd6 Rc7 55. Rd4 Kf3 56. b5 g5 57. b6 Rb7 58. Rd6 g4 59. Bb5
Nh3+ 60. Kf1 Re7 61. Bc6+ Kf4 62. b7 Rxb7 63. Bxb7 Ke5 64. e7 1-0

[Event "31. DSenEM2019 Gruppe 65+"]
[Site "Radebeul"]
[Date "2019.05.03"]
[Round "8.38"]
[White "Paus, Franz"]
[Black "Hadlich, Winfried"]
[Result "1-0"]
[WhiteElo "2041"]
[BlackElo "1854"]
[PlyCount "83"]
[EventDate "2019.??.??"]
[WhiteTeam "Schachfüchse Kempen"]
[BlackTeam "SV Holstein Quickborn"]

 1. d4 d5 2. c4 c6 3. Nf3 Nf6 4. e3 Bf5 5. Nc3 e6
6. cxd5 exd5 7. Bd3 Bxd3 8. Qxd3 Be7 9. O-O Nbd7 10. Ne5 O-O 11. f4 Nb6 12. g4
Nfd7 13. Bd2 f6 14. Nf3 Re8 15. e4 dxe4 16. Nxe4 Nd5 17. Kh1 Nf8 18. f5 Bd6 19.
Rae1 Qc7 20. g5 Re7 21. gxf6 gxf6 22. Bh6 Nd7 23. Rg1+ Kh8 24. Nxd6 Qxd6 25.
Rxe7 Nxe7 26. Bg7+ Kg8 27. Bxf6+ Kf7 28. Be5 Nxe5 29. Nxe5+ Kf8 30. f6 Qd5+ 31.
Rg2 Ng6 32. Nxg6+ hxg6 33. Qxg6 Qf7 34. Qh6+ Ke8 35. Qh8+ Kd7 36. Qxa8 Qxf6 37.
Qxb7+ Kd6 38. Qb4+ Kc7 39. Qe1 Qf3 40. Kg1 Kb6 41. Rg3 Qf5 42. Qb4+ 1-0

[Event "31. DSenEM2019 Gruppe 65+"]
[Site "Radebeul"]
[Date "2019.05.03"]
[Round "8.39"]
[White "Glasewald, Stefan"]
[Black "Kanibalotska, Elisabeth"]
[Result "1-0"]
[WhiteElo "2018"]
[BlackElo "1794"]
[PlyCount "81"]
[EventDate "2019.??.??"]
[WhiteTeam "SV Dresden-Striesen"]
[BlackTeam "SV Lok Dresden"]

1. d4 Nf6 2. Nc3 d6 3. e4 g6 4. Be2 Bg7 5. Be3 c6 6. h4 Qa5 7. Qd2 b5 8. f3 a6
9. Nb1 Qxd2+ 10. Nxd2 Nbd7 11. Nh3 c5 12. c3 Bb7 13. Nb3 Rc8 14. a4 bxa4 15.
Rxa4 Nb6 16. Ra1 cxd4 17. Bxd4 Nc4 18. Bxc4 Rxc4 19. Na5 Rc7 20. Nxb7 Rxb7 21.
b4 e5 22. Be3 d5 23. Nf2 d4 24. cxd4 exd4 25. Bd2 Rb6 26. Nd3 Nd7 27. Ra5 Nb8
28. Ke2 O-O 29. Rha1 Re8 30. Bf4 f5 31. e5 Rb5 32. Rxb5 axb5 33. Ra5 Nd7 34.
Rxb5 Kf7 35. Rd5 Nf8 36. Rxd4 Ne6 37. Rd7+ Kg8 38. Bd2 f4 39. Rd5 Bf6 40. exf6
Nd4+ 41. Kd1 1-0

[Event "31. DSenEM2019 Gruppe 65+"]
[Site "Radebeul"]
[Date "2019.05.03"]
[Round "8.40"]
[White "Molzahn, Norbert"]
[Black "Rache, Ralf"]
[Result "1-0"]
[WhiteElo "2068"]
[BlackElo "1903"]
[PlyCount "83"]
[EventDate "2019.??.??"]
[WhiteTeam "SV Motor Hainichen"]
[BlackTeam "Aachener SV"]

1. d4 Nf6 2. c4 g6 3. Nc3 d5 4. cxd5 Nxd5 5. e4 Nxc3 6. bxc3 Bg7 7. Bc4 O-O 8.
Ne2 c5 9. O-O cxd4 10. cxd4 Nc6 11. Be3 Na5 12. Bd3 b6 13. Rb1 e6 14. Qd2 Bb7
15. Rfc1 Rc8 16. Rxc8 Qxc8 17. Rc1 Qd7 18. Bh6 Rc8 19. Bxg7 Kxg7 20. h4 Rxc1+
21. Qxc1 h5 22. Qf4 Nc6 23. Qg3 Qe7 24. Nf4 Nxd4 25. Nxh5+ Kh7 26. e5 Ne2+ 27.
Bxe2 gxh5 28. Bxh5 Bd5 29. Be2 Qb4 30. Bd3+ Be4 31. h5 Qe1+ 32. Kh2 Bxd3 33.
Qxd3+ Kh6 34. Qg3 Kxh5 35. Qf3+ Kh6 36. Qf6+ Kh5 37. Qxf7+ Kg5 38. Qf6+ Kh5 39.
Qf7+ Kh4 40. g3+ Kg5 41. Qf6+ Kg4 42. f3+ 1-0

[Event "31. DSenEM2019 Gruppe 65+"]
[Site "Radebeul"]
[Date "2019.05.03"]
[Round "8.41"]
[White "Dötzel, Hartwig"]
[Black "Seidel, Arnold"]
[Result "0-1"]
[WhiteElo "1877"]
[BlackElo "2018"]
[PlyCount "74"]
[EventDate "2019.??.??"]
[WhiteTeam "USV TU Dresden"]
[BlackTeam "Kali Wolmirstedt"]

1. e4 g6 2. d4 Bg7 3. Nf3 c5 4. Nc3 cxd4 5. Nxd4 Nc6 6. Be3 a6 7. Be2 Qb6 8.
Nb3 Qd8 9. O-O d6 10. Qd2 f5 11. exf5 Bxf5 12. Nd4 Nxd4 13. Bxd4 Nf6 14. Rad1
O-O 15. h3 Rc8 16. Bd3 Bd7 17. Be3 Bc6 18. Bh6 e5 19. Bc4+ d5 20. Bxg7 Kxg7 21.
Nxd5 Bxd5 22. Bxd5 Nxd5 23. Qxd5 Qxd5 24. Rxd5 Rxc2 25. Rd7+ Rf7 26. Rxf7+ Kxf7
27. Rb1 Ke6 28. a3 Kf5 29. b4 Ra2 30. Rb3 b6 31. Re3 h5 32. g3 g5 33. Kg2 h4
34. gxh4 gxh4 35. Kf1 Kf4 36. Ke1 e4 37. Kd1 Rxf2 0-1

[Event "31. DSenEM2019 Gruppe 65+"]
[Site "Radebeul"]
[Date "2019.05.03"]
[Round "8.42"]
[White "Schmidt, Jörg"]
[Black "Klein, Reinhard"]
[Result "1-0"]
[WhiteElo "2016"]
[BlackElo "1863"]
[PlyCount "77"]
[EventDate "2019.??.??"]
[WhiteTeam "Aufbau Bernburg"]
[BlackTeam "Münchener SC"]

1. f4 d5 2. b3 Nf6 3. Nf3 c5 4. e3 Nc6 5. Bb2 e6 6. Ne5 Be7 7. Bb5 Bd7 8. Nxd7
Qxd7 9. O-O a6 10. Bxc6 Qxc6 11. d3 c4 12. Be5 Rc8 13. Nd2 c3 14. Nf3 Bc5 15.
Nd4 Qd7 16. Kh1 b5 17. f5 Bxd4 18. Bxd4 exf5 19. Bxf6 gxf6 20. Qh5 d4 21. exd4
Rc6 22. Rae1+ Re6 23. Qxf5 Qe7 24. d5 Re5 25. Qc8+ Qd8 26. Qc6+ Kf8 27. Rxe5
fxe5 28. Qh6+ Ke7 29. Qf6+ Kd7 30. Qc6+ Ke7 31. Qb7+ Kd6 32. Qxa6+ Kc5 33. Qc6+
Kd4 34. d6 Qc8 35. Qe4+ Kc5 36. Qxe5+ Kb4 37. d7 Qa8 38. Qd6+ Ka5 39. Rf6 1-0

[Event "31. DSenEM2019 Gruppe 65+"]
[Site "Radebeul"]
[Date "2019.05.03"]
[Round "8.43"]
[White "Haase, Wolfgang"]
[Black "Krotofil, Kurt"]
[Result "0-1"]
[WhiteElo "2013"]
[BlackElo "1840"]
[PlyCount "84"]
[EventDate "2019.??.??"]
[WhiteTeam "SVG Caissa Kassel"]
[BlackTeam "Niendorfer TSV"]

1. e4 c5 2. d4 cxd4 3. c3 dxc3 4. Nxc3 Nc6 5. Nf3 g6 6. Bc4 Bg7 7. Bf4 Nf6 8.
Qd2 Qa5 9. O-O d6 10. Rfe1 Bg4 11. e5 dxe5 12. Nxe5 Nxe5 13. Rxe5 Qb4 14. Bb5+
Nd7 15. Rxe7+ Kxe7 16. Qd6+ Kd8 17. Re1 Be6 18. Bxd7 Qb6 19. Rxe6 Qxd6 20. Rxd6
Bxc3 21. bxc3 Ke7 22. Rd4 Rhd8 23. Bb5 Rxd4 24. cxd4 Ke6 25. Bc4+ Kf5 26. Be3
f6 27. f3 g5 28. Bd3+ Ke6 29. Bxh7 Rc8 30. Be4 Rc3 31. Kf2 b6 32. a4 Rc4 33. a5
bxa5 34. d5+ Kd6 35. Bxa7 a4 36. Bb8+ Ke7 37. d6+ Ke6 38. Bb1 Rb4 39. Ba2+ Kd7
40. Ke3 Rxb8 41. g4 Rb2 42. Bc4 a3 0-1

[Event "31. DSenEM2019 Gruppe 65+"]
[Site "Radebeul"]
[Date "2019.05.03"]
[Round "8.44"]
[White "Gerl, Hans"]
[Black "Meißner, Werner"]
[Result "0-1"]
[WhiteElo "1975"]
[BlackElo "1665"]
[Annotator "lenovo"]
[PlyCount "130"]
[EventDate "2019.??.??"]
[WhiteTeam "SGem Fürth"]
[BlackTeam "SV TuR Dresden"]

 1. d4 d5 2. c4 c6 3. Qb3 dxc4 4. Qxc4 Nf6 5.
Nf3 Bf5 6. Nc3 e6 7. Bg5 Be7 8. e3 Nbd7 9. Be2 Bc2 10. Bd1 Nb6 11. Qe2 Bxd1 12.
Rxd1 Nfd5 13. Bxe7 Qxe7 14. O-O O-O 15. Ne4 Nd7 16. Rc1 e5 17. dxe5 Nxe5 18.
Nxe5 Qxe5 19. Nc5 Qe7 20. Rfd1 Rfd8 21. a3 Nf6 22. Nb3 h6 23. Nd4 Rd5 24. Nf3
Rad8 25. Rxd5 Rxd5 26. Rd1 Qe4 27. h3 Rxd1+ 28. Qxd1 Qd5 29. Qa4 Qc5 30. Qd1
Qd5 31. Qxd5 Nxd5 32. Kf1 c5 33. Ke2 Kf8 34. Kd3 Nc7 35. Kc4 Ne6 36. Kd5 Ke7
37. Ne5 f6 38. Nd3 b6 39. Kc6 Nd8+ 40. Kc7 c4 41. Nb4 Ne6+ 42. Kb7 Kd6 43. Kxa7
Kc5 44. Kb7 Kb5 45. Nd5 Nc5+ 46. Kc8 Na4 47. Kd7 Nxb2 48. Nc3+ Ka5 49. Ke6 Na4
50. Na2 b5 51. Kf7 c3 52. Kxg7 c2 53. Kxf6 Nc3 54. Nc1 Ka4 55. Ke5 Kxa3 56. Kd4
b4 57. Kc4 Na2 58. Nb3 c1=Q+ 59. Nxc1 Nxc1 60. f4 b3 61. f5 b2 62. Kd5 b1=Q 63.
e4 Qd3+ 64. Ke5 Qg3+ 65. Ke6 Nd3 0-1

[Event "31. DSenEM2019 Gruppe 65+"]
[Site "Radebeul"]
[Date "2019.05.03"]
[Round "8.45"]
[White "Fritsch, Jürgen"]
[Black "Fleuch, Hans-Jürgen"]
[Result "0-1"]
[WhiteElo "1751"]
[BlackElo "1956"]
[PlyCount "84"]
[EventDate "2019.??.??"]
[WhiteTeam "HSK Lister Turm"]
[BlackTeam "SV Urmitz"]

1. d4 d6 2. Bf4 Nd7 3. Nf3 Ngf6 4. e3 g6 5. Bc4 Bg7 6. Nbd2 O-O 7. O-O c6 8. a4
c5 9. c3 Qc7 10. a5 h6 11. h3 Nb8 12. dxc5 Qxc5 13. Qe2 Qc7 14. Rfd1 Nc6 15. b4
Nh5 16. Rac1 Nxf4 17. exf4 e6 18. Bb3 Qe7 19. g3 d5 20. Ne5 Rd8 21. Ndf3 Qc7
22. h4 h5 23. Nxc6 bxc6 24. Ne5 c5 25. Ba4 Bb7 26. a6 Bc8 27. b5 Bxe5 28. fxe5
Qa5 29. Bb3 c4 30. Bxc4 dxc4 31. Rxd8+ Qxd8 32. Qxc4 Bd7 33. Rd1 Qe8 34. Rd6
Bxb5 35. Qc7 Qc8 36. Qb7 Qxb7 37. axb7 Rb8 38. c4 Be8 39. c5 Rxb7 40. c6 Rc7
41. Rd8 Kf8 42. Ra8 Ke7 0-1

[Event "31. DSenEM2019 Gruppe 65+"]
[Site "Radebeul"]
[Date "2019.05.03"]
[Round "8.46"]
[White "Möws, Harald"]
[Black "Strehlow, Horst"]
[Result "1-0"]
[WhiteElo "1737"]
[BlackElo "1946"]
[PlyCount "109"]
[EventDate "2019.??.??"]
[WhiteTeam "SV Einheit Schwerin"]

 1. e4 e6 2. d4 d5 3. e5 c5 4. Bb5+ Nc6 5. c3 Bd7 6.
Bxc6 bxc6 7. f4 cxd4 8. cxd4 Ne7 9. a3 c5 10. Nf3 Nf5 11. Nc3 Rc8 12. O-O cxd4
13. Ne2 Qb6 14. Kh1 Bb5 15. Re1 Bxe2 16. Rxe2 h5 17. Qd3 a5 18. g3 Be7 19. Kg2
O-O 20. h3 Rc4 21. g4 hxg4 22. hxg4 Nh6 23. Kg3 Rfc8 24. Re1 g6 25. Nd2 R4c6
26. Nb3 Rc4 27. Rd1 a4 28. Nxd4 Bc5 29. Ne2 Qb3 30. Qxb3 axb3 31. Rd3 Rc2 32.
Kf3 Nxg4 33. Kxg4 Rxe2 34. Rxb3 Bd4 35. Rd3 Bxb2 36. Bxb2 Rxb2 37. a4 Rb4 38.
a5 Rcc4 39. a6 Ra4 40. Rda3 Rxa3 41. Rxa3 Rc8 42. a7 Ra8 43. Kf3 Kg7 44. Ke3
Kh6 45. Kd4 g5 46. fxg5+ Kxg5 47. Ra6 Kf5 48. Ra2 Kg4 49. Ra6 Kf3 50. Ra3+ Ke2
51. Kc5 d4 52. Kxd4 Kd2 53. Kc5 Kc2 54. Kb6 Kb2 55. Rf3 1-0

[Event "31. DSenEM2019 Gruppe 65+"]
[Site "Radebeul"]
[Date "2019.05.03"]
[Round "8.47"]
[White "Fleischer, Matthias"]
[Black "Dellos, Peter"]
[Result "1-0"]
[WhiteElo "1923"]
[BlackElo "1858"]
[PlyCount "115"]
[EventDate "2019.??.??"]
[WhiteTeam "SV Einheit Schwerin"]
[BlackTeam "SK Ricklingen"]

1. d4 d5 2. Nf3 Nf6 3. c3 e6 4. Bg5 Nbd7 5. e3 Be7 6. Bd3 h6 7. Bh4 O-O 8. Nbd2
c5 9. Qe2 c4 10. Bc2 Re8 11. Bg3 b5 12. e4 Nh5 13. e5 g6 14. O-O Ng7 15. Ne1
Nf5 16. f4 a5 17. Nef3 Nf8 18. Qf2 Nh7 19. Bxf5 exf5 20. Bh4 h5 21. Qg3 Bxh4
22. Nxh4 Be6 23. Ndf3 Kh8 24. Nxg6+ fxg6 25. Qxg6 Qe7 26. Qxh5 Rg8 27. Ng5 Rxg5
28. fxg5 Qxg5 29. Qxg5 Nxg5 30. h3 Ne4 31. Kh2 Kg7 32. Rf4 a4 33. a3 Rh8 34.
Raf1 Kg6 35. g3 Ng5 36. h4 Ne4 37. Kg2 Rh7 38. g4 fxg4 39. Rf6+ Nxf6 40. Rxf6+
Kh5 41. Rxe6 Kxh4 42. Rd6 Kg5 43. Rxd5 Rb7 44. e6+ Kf6 45. Re5 Ke7 46. Kg3 b4
47. axb4 Rb8 48. Kxg4 Rg8+ 49. Kf3 Rh8 50. Re2 Rh3+ 51. Kf4 a3 52. bxa3 Rxc3
53. d5 Rd3 54. Ke4 Rxa3 55. Kd4 c3 56. Kc5 Rb3 57. d6+ Ke8 58. e7 1-0

[Event "31. DSenEM2019 Gruppe 65+"]
[Site "Radebeul"]
[Date "2019.05.03"]
[Round "8.48"]
[White "Grube, Kurt"]
[Black "Wolke, Reimund"]
[Result "1/2-1/2"]
[WhiteElo "1594"]
[BlackElo "1916"]
[Annotator "lenovo"]
[PlyCount "67"]
[EventDate "2019.??.??"]
[WhiteTeam "SG Osnabrück"]
[BlackTeam "Hamburger SK"]

1. c4 Nf6 2. Nf3 e6 3. Nc3 d5 4. g3 Be7 5. Bg2 O-O 6. cxd5 exd5 7. d4 c6 8. O-O
h6 9. Qc2 Be6 10. Bf4 Nbd7 11. a3 Rc8 12. Qd2 Bf5 13. Rad1 Ne4 14. Nxe4 Bxe4
15. Bh3 Ra8 16. Bxd7 Qxd7 17. Ne5 Qe6 18. f3 Bh7 19. Rde1 Rac8 20. Nd3 b6 21.
b4 Rfe8 22. Be3 Bxb4 23. Nxb4 Qxe3+ 24. Qxe3 Rxe3 25. Rc1 Rxa3 26. Nxc6 Kf8 27.
Nb4 Rd8 28. Rc7 Bf5 29. Rfc1 a5 30. Nc6 Ra8 31. Ne5 Be6 32. Nd7+ Ke8 33. Nxb6
Rb8 34. Nc8 {(=)} 1/2-1/2

[Event "31. DSenEM2019 Gruppe 65+"]
[Site "Radebeul"]
[Date "2019.05.03"]
[Round "8.50"]
[White "Bogorad, Michail"]
[Black "Weber, Martin"]
[Result "1/2-1/2"]
[WhiteElo "2104"]
[BlackElo "1848"]
[Annotator "lenovo"]
[PlyCount "76"]
[EventDate "2019.??.??"]
[WhiteTeam "Bahn-SC Wuppertal"]
[BlackTeam "SV Betzdorf-Kirchen"]

1. Nf3 c5 2. c4 e6 3. Nc3 a6 4. g3 b6 5. Bg2 Bb7 6. O-O Nc6 7. e4 Be7 8. Re1
Qc7 9. d3 Bf6 10. Bf4 d6 11. Qa4 Bxc3 12. bxc3 e5 13. Bg5 f6 14. Be3 Nge7 15.
Reb1 O-O 16. Qb3 Nc8 17. Bh3 Rb8 18. Be6+ Kh8 19. Nh4 N6e7 20. Qd1 Bc6 21. a4
Bd7 22. Bg4 a5 23. Ra2 f5 24. exf5 Nxf5 25. Nxf5 Bxf5 26. Bxf5 Rxf5 27. Qg4 Qf7
28. Rab2 g6 29. Rb5 Ra8 30. Qe4 Ra7 31. Kg2 Kg7 32. g4 Rf6 33. g5 Rf5 34. Qh4
Kf8 35. Qe4 Kg7 36. h4 Rd7 37. Rh1 d5 38. Qg4 d4 {(=)} 1/2-1/2

[Event "31. DSenEM2019 Gruppe 65+"]
[Site "Radebeul"]
[Date "2019.05.03"]
[Round "8.51"]
[White "Görden, Hans-Jürgen"]
[Black "Lomer, Edmund"]
[Result "1/2-1/2"]
[WhiteElo "1863"]
[BlackElo "2053"]
[Annotator "lenovo"]
[PlyCount "99"]
[EventDate "2019.??.??"]
[WhiteTeam "SV Lok Dresden"]
[BlackTeam "Eckernförder SC"]

1. d4 Nf6 2. Nc3 d5 3. Nf3 g6 4. Bf4 Bg7 5. Qd2 c6 6. h3 Bf5 7. e3 Nbd7 8. Bd3
Bxd3 9. Qxd3 O-O 10. O-O Re8 11. e4 dxe4 12. Nxe4 Qb6 13. Nxf6+ Nxf6 14. c4
Rad8 15. Qc2 Nh5 16. Be3 Qc7 17. Rad1 Nf4 18. Qe4 Nh5 19. b3 Nf6 20. Qh4 Qa5
21. a4 a6 22. Bd2 Qf5 23. Qf4 Qc2 24. Rb1 Qd3 25. Ba5 Rd7 26. Rfd1 Qe4 27. Qc1
Qf5 28. Bd2 Ne4 29. Be3 Red8 30. Re1 Nd6 31. Qa3 Qh5 32. Rbd1 Bf6 33. Qc1 Nf5
34. Qc2 Nh4 35. Nxh4 Qxh4 36. d5 cxd5 37. cxd5 Qb4 38. Bc5 Qf4 39. Bb6 Re8 40.
Re4 Qf5 41. g4 Qg5 42. Be3 Qh4 43. g5 Qxh3 44. gxf6 Qf5 45. Rxe7 Qg4+ 46. Kf1
Qh3+ 47. Ke2 Qg4+ 48. Ke1 Qg1+ 49. Ke2 Qg4+ 50. Kf1 {(=)} 1/2-1/2

[Event "31. DSenEM2019 Gruppe 65+"]
[Site "Radebeul"]
[Date "2019.05.03"]
[Round "8.52"]
[White "Keeve, Martin"]
[Black "Kempe, Rainer"]
[Result "1-0"]
[WhiteElo "1860"]
[BlackElo "1991"]
[PlyCount "67"]
[EventDate "2019.??.??"]
[WhiteTeam "USV TU Dresden"]
[BlackTeam "SV Lok Dresden"]

1. d4 e6 2. c4 d5 3. Nc3 c6 4. Nf3 Nf6 5. Bg5 Be7 6. e3 Nbd7 7. Rc1 O-O 8. Bd3
dxc4 9. Bxc4 b5 10. Bd3 a6 11. O-O Bb7 12. Qe2 c5 13. Rfd1 cxd4 14. Nxd4 Qb6
15. h3 Bc5 16. Bb1 h6 17. Bh4 Rac8 18. a3 Ba8 19. b4 Bxd4 20. Rxd4 Nd5 21. Qd3
f5 22. Ba2 Ne5 23. Qd2 Nc4 24. Bxc4 bxc4 25. Ne2 Qb7 26. f3 g5 27. Bf2 g4 28.
hxg4 Nb6 29. gxf5 exf5 30. Nf4 Kh7 31. Rd6 Rg8 32. e4 Rc6 33. Qd4 Nc8 34. Rd7+
1-0